| 000 | 00475nam a22001337a 4500 | ||
|---|---|---|---|
| 040 | _cNUST | ||
| 082 | _a200 THE | ||
| 100 |
_aM Haroon Mukhtar _991319 |
||
| 110 |
_aDr Nawar Khan _991320 |
||
| 245 | _aTH-SOF-0864-Identification And Analysis Of Shortcomings In Project Planning And Communication In Telecom Sector Of Pakistan To Develop Remedial Measures As A Framework | ||
| 260 |
_aISLAMABAD: _bNUST COLLEGE OF EME, _c2013. |
||
| 650 |
_aMS-EM-4 _991321 |
||
| 942 |
_2ddc _cTHE |
||
| 999 |
_c589506 _d589506 |
||